Sports Quiz

Random Sports or World Quiz
Score 0/32 Timer 05:00
0 Plays Today
Position Player % Correct
GKJoe Hart
99.3%
FWWayne Rooney
97.6%
DFJohn Terry
96.1%
MFSteven Gerrard
96%
MFFrank Lampard
95.5%
DFLeighton Baines
95.5%
DFGary Cahill
95%
DFAshley Cole
94.7%
FWDanny Welbeck
94.2%
FWDaniel Sturridge
93.2%
FWTheo Walcott
92.4%
MFMichael Carrick
89.9%
DFGlen Johnson
89.6%
DFPhil Jagielka
88.9%
FWJermain Defoe
87%
DFChris Smalling
86.8%
Position Player % Correct
MFJack Wilshere
86.7%
FWAndy Carroll
85.5%
FWRickie Lambert
85.2%
MFJames Milner
84.5%
MFAlex Oxlade-Chamberlain
83.6%
DFJoleon Lescott
83%
DFKyle Walker
81%
MFAshley Young
78%
MFAaron Lennon
74.5%
MFTom Cleverley
74.2%
MFRoss Barkley
73.3%
MFScott Parker
71.3%
DFRyan Bertrand
65.7%
MFAndros Townsend
65.1%
MFLeon Osman
64%
MFJonjo Shelvey
54.4%
Remove Ads.
Support Sporcle.
Get the best of Sporcle when you Go Orange. This ad-free experience offers more features, more stats, and more fun while also helping to support Sporcle. Thank you for becoming a member.

You're not logged in!

Compare scores with friends on all Sporcle quizzes.
OR
Log In

Show Comments

Extras

Top Quizzes Today


Score Distribution

Your Account Isn't Verified!

In order to create a playlist on Sporcle, you need to verify the email address you used during registration. Go to your Sporcle Settings to finish the process.

Report this User

Report this user for behavior that violates our Community Guidelines.

Details: